000 00474nam a2200217Ia 4500
008 210210b1963 xxu||||| |||| 00| 0 eng d
041 _aeng
082 _a822/879
100 _aMUNSHI
245 _aHow god came into my life
260 _aBombay
_bBharathiya Vidya Bhawan
_c1963
650 _amy
650 _alife
650 _ainto
650 _aHow
650 _agod
650 _acame
690 _aEnglish Prose
700 _aDIWAKAR Ed
906 _a013063
999 _c131897
_d131897